Oriental studies in India (Record no. 1052522)

MARC details
000 -LEADER
fixed length control field 00584nam a2200229Ia 4500
003 - CONTROL NUMBER IDENTIFIER
control field OSt
005 - DATE AND TIME OF LATEST TRANSACTION
control field 20221005125038.0
008 - FIXED-LENGTH DATA ELEMENTS--GENERAL INFORMATION
fixed length control field 221004b |||||||| |||| 00| 0 eng d
037 ## - SOURCE OF ACQUISITION
Terms of availability Textual
040 ## - CATALOGING SOURCE
Original cataloging agency CRL
Transcribing agency CRL
Language of cataloging eng
041 ## - LANGUAGE CODE
Source of code eng
Language code of text/sound track or separate title eng
100 ## - MAIN ENTRY--PERSONAL NAME
Personal name Dandekar R N
245 #0 - TITLE STATEMENT
Title Oriental studies in India
260 ## - PUBLICATION, DISTRIBUTION, ETC.
Date of publication, distribution, etc. 1964
700 ## - ADDED ENTRY--PERSONAL NAME
Personal name Raghavan V Ed
942 ## - ADDED ENTRY ELEMENTS (KOHA)
Classification part 904a2:N5, K4 (BB)
Koha item type Textual
Source of classification or shelving scheme
Holdings
Withdrawn status Lost status Damaged status Not for loan Home library Current library Date acquired Total Checkouts Full call number Barcode Date last seen Price effective from Koha item type
        Central Library Central Library 2022-10-05   904a2:N5 K4 (BB) CL0201867 2022-10-05 2022-10-05 Textual
Copyright @ Delhi University Library System